000 00314nam a2200121 a 4500
008 101026s1985|||| d
100 1 _aČernych, V.
245 1 0 _aMoskva slzám neverí...Prvý raz vydatá.Materská škola
020 _c20
041 _aslo
260 _bSmena
_aBratislava
_c1985
044 _axo
_cSK
999 _c12302
_d12302